تحميل...

Routledge Handbook of the Indian Diaspora/

التفاصيل البيبلوغرافية
مؤلفون آخرون: Radha Sarma Hedge (ed.), Ajaya Kumar Sahoo (ed.)
التنسيق: Printed Book
منشور في: Oxon: Routledge, 2018.
سلاسل:Routledge Handbooks
الموضوعات:
LEADER 00752nam a22001937a 4500
020 |a 9781138942899 
082 |a 909.049 141 1  |b RAD/R 
245 |a Routledge Handbook of the Indian Diaspora/  |c by Radha Sarma Hedge (ed.) and Ajaya Kumar Sahoo (ed.) 
260 |a Oxon:  |b Routledge,  |c 2018. 
300 |a 393p. 
490 |a Routledge Handbooks 
650 |a East Indian Diaspora  |9 178764 
650 |a East Indian Foreign Countries  |9 178765 
650 |a History  |9 178766 
700 |a Radha Sarma Hedge (ed.)  |9 178767 
700 |a Ajaya Kumar Sahoo (ed.)  |9 178768 
942 |c BK 
999 |c 142934  |d 142934 
952 |0 0  |1 0  |4 0  |6 R_909_049000000000000_141_1_RAD_R  |7 0  |9 99158  |a SSUS  |b SSUS  |c REF  |d 2019-09-25  |g 15606.00  |o R 909.049 141 1 RAD/R  |p 096317  |r 2019-09-25  |w 2019-09-25  |y REF